Statistiques concernant Orthographes délirantes acceptées par JetPunk : Pays

Cliquez ici pour prendre le quiz!

Statistiques générales

  • Ce quiz a été pris 992 fois
  • Le résultat moyen est 10 sur 20

Statistiques - réponses

IndiceRéponse% Correct
GutamalaGuatemala
98%
ManocoMonaco
95%
CotedavioreCôte d'Ivoire
78%
Phil laie épinesPhilippines
71%
On prend la carte et chèqueRépublique Tchèque
67%
Le pari gayParaguay
66%
TadadacastanTadjikistan
63%
LekossivoKosovo
62%
Le Mur AtanieMauritanie
59%
Lazer BeijenAzerbaïdjan
58%
KazipakistanKazakhstan
56%
LehenstinLiechtenstein
54%
KirghanastanKirghizistan
53%
Lagune à BessaoGuinée-Bissau
47%
TrinateTrinité-et-Tobago
44%
Les enagelSénégal
28%
L'été niéLettonie
17%
SolimenÎles Salomon
8%
Le seauEmirats Arabes Unis
1%
Larca
République Centrafricaine
1%

Distribution des résultats

Percentile par nombre de réponses

% des personnes avec chaque résultat

Votre développement - résultats

Vous n’avez pas pris ce quiz